Ulisses (Record no. 45699)

MARC details
000 -Etiqueta do registo
Valores 00351nam a2200157 4500
100 ## - Dados gerais de processamento
Dados gerais 20260219 pory50
101 ## - Língua de publicação
Língua por
102 ## - País de publicação
País PT
200 ## - Titulo e menção de responsabilidade
Título próprio Ulisses
Primeira menção de responsabilidade Maria Alberta Menéres
210 ## - Publicação
Local de publicação [S.l.]
Nome do editor Ed. policopiada
Data de publicação [S.d.]
215 ## - Descrição física 
Paginação / Volumes 62, [2]
Outras indicações físicas il.
675 ## - CDU
Notação 82-93
801 ## - Fonte de origem
País PT
Regras de catalogação RPC
990 ## - Elementos KOHA
Tipo de documento Livro
Holdings
Aquisição Empréstimo Código de barras Cota Permissão de empréstimo Tipo de documento Nota relativa ao exemplar
Biblioteca Municipal de Redondo Biblioteca Municipal de Redondo 056409 82-93 MEN   Livro Ed. Policopiada [?]

Powered by Koha